00781cam a22002174a 4500001000500000005001700005020001800022040002300040050002600063082001500089100002200104245009000126260003400216300004800250490001200298505000800310520017900318521002000497521002000517650002600537158520231204105532.0 a9780531147719 aDLCcDLCdDLCbeng00aBF724.3.A55bD53 200600a152.472221 aDiConsiglio, John10aOut of control :bhow to handle anger-yours and everyone else's /cJohn DiConsiglio. aNew York :bScholastic,c2008 a112 pages :bcolors illustrations ;c22 cm 0 aChoices0 aW  aOffers teens practical advice on how they can control their anger, understand the dangers of giving in to anger, and learn new ways to deal with their stress and frustration. a870 bLexile  aW bRaz-Plus  0aAnger in adolescence.